00365nam a22001457a 4500010001500000020001100015035001400026037001300040082001100053245001800064260003700082270005600119300002600175505001800201 aENG-119579 c200.00 aEN-103111 bDBAD/PUB a230.22 aShiva puran / aNew DelhibRicha Prakashanc201? aD-36, South Extension Part-One, bNew Delhie110049 aviii,240p.c22cm(pbk) a In big print